000 00502nam a22001817a 4500
005 20260512120416.0
008 260512b |||||||| |||| 00| 0 eng d
037 _cDSWL
040 _aDSWL
_cDSWL
041 _heng
084 _aYX Q8
245 _aContemporary Social Work Practice
260 _aJaipur,
_bRawat Publication,
_c2018
300 _a295p
365 _aINR
_b1295
942 _2CC
_cTEXL
_hYX Q8
_n0
999 _c1851237
_d1851237